00405nam a2200085Ia 4500008004100000245015600041260000900197300009000206650002300296180130s9999 xx 000 0 und d cLoewen, Gabriel; Galloway, Jeffrey; Robinson, Jeffrey; Hong, Xiaoyan; Vrbsky, SusanaTHUNDER: helping underfunded NPO's distribute electronic resources c2016 aBook title: Cloud architecture and engineering--Acession number C20554; pages 102-116 aCLOUD ARCHITECTURE